[Event "World Team-ch Women 2019"]
[Site "Astana"]
[Date "2019.03.09"]
[Round "5.20"]
[White "Gevorgyan, Maria"]
[Black "Foisor, Sabina-Francesca"]
[Result "1-0"]
[WhiteElo "2264"]
[BlackElo "2276"]
[Annotator "NA"]
[PlyCount "85"]
[EventDate "2019.02.05"]
[EventType "team-tourn"]
[EventCountry "KAZ"]
[SourceTitle "playchess.com"]
[Source "ChessBase"]
[SourceQuality "1"]
[WhiteTeam "Armenia"]
[BlackTeam "United States"]
[WhiteTeamCountry "ARM"]
[BlackTeamCountry "USA"]
[TimeControl "40/5400+30:1800+30"]

1. e4 {[%emt 0:00:00]} c5 {[%emt 0:00:00]} 2. Nc3 {[%emt 0:00:00]} e6 {[%emt 0:00:04]} 3. f4 {[%emt 0:00:44]} d5 {[%emt 0:00:26]} 4. Bb5+ {[%emt 0:02:03]} Bd7 {[%emt 0:05:17]} 5. exd5 {[%emt 0:05:19]} Bxb5 {[%emt 0:04:36]} 6. Nxb5 {[%emt 0:00:06]} a6 {[%emt 0:03:02]} 7. Nc3 {[%emt 0:11:12]} exd5 {[%emt 0:00:13]} 8. Nf3 {[%emt 0:05:36]} Nf6 {[%emt 0:04:01]} 9. O-O {[%emt 0:00:06]} Be7 {[%emt 0:00:18]} 10. d3 {[%emt 0:00:08]} Nc6 {[%emt 0:01:46]} 11. Ne2 {[%emt 0:06:12]} d4 {[%emt 0:04:08]} 12. Ng3 {[%emt 0:00:41]} O-O {[%emt 0:05:09]} 13. Ng5 $15 {[%emt 0:06:51]} Qd7 {[%emt 0:10:13]} 14. f5 {[%emt 0:12:59]} Nb4 {[%emt 0:07:07]} 15. Bd2 {[%emt 0:05:38]} Nbd5 {[%emt 0:00:56]} 16. Qf3 {[%emt 0:00:38]} b5 {[%emt 0:08:36]} 17. Rae1 {[%emt 0:00:39]} c4 {[%emt 0:03:15]} 18. N5e4 {[%emt 0:11:49]} Rac8 {[%emt 0:07:38]} 19. Nxf6+ {[%emt 0:02:44]} Bxf6 {[%emt 0:03:25]} 20. Nh5 {[%emt 0:03:09]} Rc6 {[%emt 0:04:44]} 21. Re4 {[%emt 0:01:50]} c3 {[%emt 0:02:33]} 22. bxc3 {[%emt 0:00:59]} dxc3 {[%emt 0:00:22]} 23. Bc1 {[%emt 0:00:17]} Bd8 {[%emt 0:05:44]} 24. Ba3 {[%emt 0:05:11]} b4 {[%emt 0:03:30]} 25. Bxb4 {[%emt 0:00:12]} Nxb4 {[%emt 0:00:03]} 26. Rxb4 {[%emt 0:00:04]} Rh6 {[%emt 0:01:35]} 27. Qg4 {[%emt 0:02:25]} g6 {[%emt 0:01:16]} 28. Nf4 {[%emt 0:00:31]} Rh4 {[%emt 0:01:15]} 29. Qe2 {[%emt 0:03:41]} Qxf5 {[%emt 0:00:18]} 30. Re4 {[%emt 0:00:46]} Bb6+ {[%emt 0:03:05]} 31. Kh1 {[%emt 0:00:23]} Qg5 {[%emt 0:02:58]} 32. Qf3 {[%emt 0:01:59]} Qh6 {[%emt 0:01:16]} 33. h3 {[%emt 0:00:44]} g5 {[%emt 0:03:41]} 34. Nd5 {[%emt 0:01:11]} Bd4 {[%emt 0:00:52]} 35. Ne7+ {[%emt 0:00:22]} Kh8 {[%emt 0:00:09]} 36. Nf5 {[%emt 0:00:21]} Qb6 {[%emt 0:02:29]} 37. Nxd4 {[%emt 0:02:38]} Rh6 {[%emt 0:00:14]} 38. Qf5 {[%emt 0:01:08]} Rg6 {[%emt 0:00:45]} 39. Qd5 {[%emt 0:00:52]} f6 {[%emt 0:01:45]} 40. Rfe1 {[%emt 0:00:00]} Rgg8 {[%emt 0:00:00]} 41. Re7 {[%emt 0:01:41]} Rg7 {[%emt 0:04:22]} 42. Rxg7 {[%emt 0:00:43]} Kxg7 {[%emt 0:00:01]} 43. Ne6+ {[%emt 0:00:06]} 1-0

[Event "World Team-ch Women 2019"]
[Site "Astana"]
[Date "2019.03.11"]
[Round "6.1"]
[White "Karavade, Eesha"]
[Black "Tan, Zhongyi"]
[Result "1/2-1/2"]
[WhiteElo "2357"]
[BlackElo "2513"]
[Annotator "TA"]
[PlyCount "62"]
[EventDate "2019.02.05"]
[EventType "team-tourn"]
[EventCountry "KAZ"]
[SourceTitle "playchess.com"]
[Source "ChessBase"]
[SourceQuality "1"]
[WhiteTeam "India"]
[BlackTeam "China"]
[WhiteTeamCountry "IND"]
[BlackTeamCountry "CHN"]

{[%evp 14,62,13,14,18,13,22,28,36,30,36,14,14,14,20,17,19,16,23,19,29,22,25,0,27,0,21,0,22,0,30,0,20,0,21,0,20,0,15,0,14,0,20,0,10,0,24,0,21,0,21]} 1. e4 e5 2. Bc4 Nf6 3. d3 Nc6 4. Nf3 Bc5 5. O-O O-O 6. Re1 h6 7. h3 d6 8. c3 a6 {C54: Giuoco Piano: 4 c3 Nf6, main lines with 5 d4 and 5 d3} (8... a5 9. Nbd2 Be6 10. Bb5 Qb8 11. Nf1 Qa7 12. Be3 Bxe3 13. Nxe3 Ne7 14. a4 Ng6 15. Bc4 Bxc4 16. Nxc4 {1-0 (64) Karjakin,S (2753)-Svidler,P (2737) St Petersburg 2018}) 9. a4 Be6 (9... a5 {keeps more tension.} 10. Bb5 Bd7 11. Bd2 Be6 12. Qe2 Nd7) 10. Bxe6 fxe6 {White has an edge.} 11. b4 Ba7 12. Nbd2 Nh5 13. Nf1 Qf6 14. Ra2 Nf4 {[#] And now ...Nxh3+! would win.} 15. Kh2 $146 Ne7 16. Be3 Qg6 {[%csl Gf4][%cal Rg6g2]} 17. Nh4 Qf6 18. Nf3 Qg6 {[%csl Gf4][%cal Rg6g2] [#]} 19. Nh4 Qf6 20. Nf3 Qg6 {[%csl Gf4][%cal Rg6g2]} 21. Nh4 Qf6 22. Nf3 Qg6 {[%csl Gf4][%cal Rg6g2]} 23. Nh4 Qf6 24. Nf3 Qg6 {[%csl Gf4][%cal Rg6g2]} 25. Nh4 Qf6 26. Nf3 Qg6 {[%csl Gf4][%cal Rg6g2]} 27. Nh4 Qf6 28. Nf3 Qg6 {[%csl Gf4][%cal Rg6g2]} 29. Nh4 Qf6 30. Nf3 Qg6 {[%csl Gf4][%cal Rg6g2]} 31. Nh4 Qf6 {Accuracy: White = 42%, Black = 86%.} 1/2-1/2

[Event "World Team-ch Women 2019"]
[Site "Astana"]
[Date "2019.03.11"]
[Round "6.2"]
[White "Shen, Yang"]
[Black "Soumya, Swaminathan"]
[Result "1/2-1/2"]
[WhiteElo "2453"]
[BlackElo "2401"]
[Annotator "TA"]
[PlyCount "145"]
[EventDate "2019.02.05"]
[EventType "team-tourn"]
[EventCountry "KAZ"]
[SourceTitle "playchess.com"]
[Source "ChessBase"]
[SourceQuality "1"]
[WhiteTeam "China"]
[BlackTeam "India"]
[WhiteTeamCountry "CHN"]
[BlackTeamCountry "IND"]

{[%evp 17,145,12,24,-3,16,25,25,17,16,7,8,17,18,13,24,0,18,25,10,0,13,13,13,13,13,0,47,47,47,47,59,64,58,47,47,47,47,47,47,47,47,47,47,47,47,47,50,50,58,47,69,58,72,72,72,72,71,71,72,48,72,43,78,64,78,43,50,43,79,79,93,79,93,85,93,94,94,94,94,94,94,94,93,74,94,94,94,94,94,94,101,78,80,50,50,0,0,0,0,0,0,0,0,0,0,0,0,0,0,0,0,0,0,0,0,0,0,0,0,0,0,0,0,0,0,0,0,0,0,0]} 1. d4 Nf6 2. c4 g6 3. Nc3 d5 4. cxd5 Nxd5 5. e4 Nxc3 6. bxc3 Bg7 7. Qa4+ Nd7 8. Nf3 O-O 9. Be2 c5 10. O-O {D85: Exchange Grünfeld: Unusual White 7th moves and lines with 7 Nf3} Nb6 11. Qa3 cxd4 12. cxd4 {White has an edge.} Bg4 13. Bg5 Bxf3 14. Bxf3 Qxd4 15. Rad1 {[#]} Qb2 $146 ({Predecessor:} 15... Qe5 16. Bxe7 Rfe8 17. Bh4 Qe6 {½-½ (40) Kazhgaleyev,M (2582)-Jumabayev,R (2618) Almaty 2016}) 16. Bxe7 Rfe8 17. Qxb2 Bxb2 18. Bc5 Rac8 19. Bxb6 axb6 20. Rd7 Ra8 21. Rb1 Bg7 22. Rxb6 Rxa2 23. g3 Rb8 24. Bd1 ({But not} 24. Rbxb7 Rxb7 25. Rxb7 Bd4 $11) 24... Ra6 25. Rb5 {Black must now prevent Bb3.} Re6 $1 26. f3 Bf6 27. Rbxb7 Rxb7 28. Rxb7 $14 {[%mdl 4096] Endgame KRB-KRB} Rb6 29. Rd7 Rb2 30. Kf1 Kf8 31. Be2 Be7 32. f4 h6 33. h4 Rc2 34. e5 f6 35. h5 gxh5 36. exf6 Bxf6 37. Bxh5 {[#] Strongly threatening Rf7+.} Be7 38. Be2 Kf7 39. Kf2 Kf6 40. Rd1 Rb2 41. Kf3 Rb3+ 42. Bd3 Rb8 43. Rh1 Bf8 44. Rh5 Rb4 45. Rd5 Be7 46. Kg4 Rb6 47. Bc4 Kg7 48. Rd7 Kf6 49. Ra7 Rc6 50. Bd5 Rd6 51. Be4 Rd4 52. Ra6+ Rd6 53. Ra5 Rd4 54. Bd5 Rd3 55. Ra6+ Kg7 56. Kf5 Rxd5+ $11 {KRB-KR. The position is equal.} 57. Ke6 {[%mdl 64] [#] Double Attack} Rd3 {Threatens to win with ...Re3+.} 58. Kxe7 {f5 is the strong threat. KR-KR} Rf3 59. Ke6 Re3+ 60. Kf5 Rxg3 61. Ra7+ Kg8 62. Kf6 h5 63. Ra5 h4 64. Rh5 h3 65. Rh4 Ra3 66. f5 Ra6+ 67. Kg5 Ra3 68. Kg6 Rg3+ 69. Kf6 Ra3 70. Rg4+ Kf8 71. Kg6 Ra6+ (71... h2 $5 72. Rh4 $8 Ra2 $11) 72. f6 Ra2 {( -> ...Rg2)} 73. Rh4 {Accuracy: White = 62%, Black = 61%.} 1/2-1/2

[Event "World Team-ch Women 2019"]
[Site "Astana"]
[Date "2019.03.11"]
[Round "6.3"]
[White "Padmini, Rout"]
[Black "Huang, Qian"]
[Result "1/2-1/2"]
[WhiteElo "2332"]
[BlackElo "2441"]
[Annotator "TA"]
[PlyCount "112"]
[EventDate "2019.02.05"]
[EventType "team-tourn"]
[EventCountry "KAZ"]
[SourceTitle "playchess.com"]
[Source "ChessBase"]
[SourceQuality "1"]
[WhiteTeam "India"]
[BlackTeam "China"]
[WhiteTeamCountry "IND"]
[BlackTeamCountry "CHN"]

{[%evp 17,112,0,6,-9,14,0,0,0,0,0,0,0,6,4,7,0,79,76,74,69,66,50,55,28,68,66,69,68,72,72,62,58,64,0,79,0,0,0,0,0,101,100,109,11,85,48,50,61,36,62,74,81,81,0,0,0,0,0,8,8,13,-87,-87,-69,-80,-126,-133,-120,-66,-67,-67,-75,-46,-58,-45,-79,-78,-146,-139,-178,-201,-192,-220,-220,-217,-377,-131,-133,-122,-130,-59,-106,0,-8,0,-50,0]} 1. e4 c5 2. Nf3 d6 3. d4 cxd4 4. Nxd4 Nf6 5. Nc3 a6 6. Be2 e5 7. Nb3 Be7 8. O-O O-O 9. Qd3 Be6 10. Nd5 {B92: Sicilian Najdorf: 6 Be2} (10. Bd2 Nbd7 11. Nd5 Bxd5 12. exd5 a5 13. a4 g6 14. Be3 Ne8 15. Nd2 Bg5 16. Nc4 Bxe3 17. Qxe3 f5 {0-1 (93) Nepomniachtchi,I (2763)-Salem,A (2660) St Petersburg 2018}) 10... Nbd7 11. Rd1 Bxd5 12. exd5 {The position is equal.} Ne8 13. Bd2 b6 $146 ({Predecessor:} 13... Bg5 14. Na5 Rb8 15. Be1 g6 16. b4 Qe7 17. c4 e4 {1-0 (68) Speisser,P (2178)-Giesen,K ICCF email 2017}) 14. a4 a5 15. Qh3 Nc5 16. Nxc5 dxc5 (16... bxc5 $11 17. Qe3 h6) 17. Bd3 $16 {[%csl Gd3][%cal Rh3h7]} g6 18. Bh6 $36 {[%mdl 2048] White fights for an advantage.} Ng7 19. Bc4 Bd6 20. Re1 Qc7 21. Re2 f6 22. Rae1 Rf7 23. g4 f5 24. f3 Raf8 25. Qg2 (25. Bg5 $14) 25... Qe7 (25... Qd8 $11) 26. Bd2 (26. f4 $1 $16 e4 27. Qf2) 26... fxg4 $11 27. fxg4 Qh4 28. Qg3 Qxg3+ (28... Qd8 $11 {remains equal.}) 29. hxg3 $16 h5 30. Bc3 ({White should play} 30. Rg2 $16) 30... hxg4 (30... Rf3 $11) 31. Bxe5 Nf5 32. Bxd6 Nxd6 33. Bd3 Kg7 34. Re6 Rf6 35. Be2 (35. b3 $16) 35... Rxe6 $11 36. dxe6 {[%mdl 4096] Endgame KRB-KRN} Kf6 37. Bxg4 Ke7 38. Kg2 Nf5 39. Be2 (39. Bxf5 $11 {keeps the balance.} Rxf5 40. Re3) 39... Ne3+ $17 {[%mdl 64] Double Attack} 40. Kg1 Nxc2 41. Rc1 Nd4 42. Bc4 Rf6 (42... Nf3+ $1 $17 43. Kg2 Ne5) 43. Kg2 $15 Nxe6 44. Rh1 Ng5 45. Re1+ $1 Kd6 46. Re3 Nf7 47. Rd3+ ({Better is} 47. Ba2) 47... Ke5 $17 48. Kh3 Ke4 49. Rd1 {[#]} Ne5 $1 {[%cal Re5c4]} 50. Bd5+ {[#]} Ke3 $1 51. Kh4 $2 (51. Re1+ {might work better.} Kd4 52. Bg2) 51... Rf5 $2 (51... Nd3 $19 {and Black stays clearly on top. aiming for ...Rf5.} 52. g4 Nxb2) 52. g4 Rf2 53. Re1+ Kd4 54. Rd1+ Ke3 (54... Nd3 $17 {...c4 is the strong threat.} 55. b3 Kxd5 56. Rxd3+ Ke4) 55. Re1+ $11 Kd4 56. Rd1+ Ke3 {Accuracy: White = 37%, Black = 59%.} 1/2-1/2

[Event "World Team-ch Women 2019"]
[Site "Astana"]
[Date "2019.03.11"]
[Round "6.4"]
[White "Lei, Tingjie"]
[Black "Kulkarni Bhakti"]
[Result "1-0"]
[WhiteElo "2477"]
[BlackElo "2322"]
[Annotator "TA"]
[PlyCount "91"]
[EventDate "2019.02.05"]
[EventType "team-tourn"]
[EventCountry "KAZ"]
[SourceTitle "playchess.com"]
[Source "ChessBase"]
[SourceQuality "1"]
[WhiteTeam "China"]
[BlackTeam "India"]
[WhiteTeamCountry "CHN"]
[BlackTeamCountry "IND"]

{[%evp 9,91,0,0,0,14,0,25,20,32,31,41,27,36,29,33,29,51,58,88,82,70,47,95,95,103,121,119,97,172,159,235,237,465,479,348,387,345,424,437,426,401,405,503,504,502,484,456,256,259,267,253,266,242,252,306,316,255,245,249,251,241,196,358,393,379,352,364,340,399,403,760,483,1220,410,1155,1249,1204,1093,1036,931,645,113,180,160]} 1. e4 c6 2. d4 d5 3. e5 c5 4. dxc5 e6 5. a3 (5. Nf3 Bxc5 6. a3 Ne7 7. Bd3 Ng6 8. O-O O-O 9. Nbd2 Nc6 10. b4 Bb6 11. Bxg6 fxg6 12. Nb3 Bd7 13. Re1 {1-0 (29) Anand,V (2773)-Mamedyarov,S (2817) Wijk aan Zee 2019}) 5... Bxc5 6. b4 {B12: Caro-Kann: Advance Variation} Be7 7. Nf3 Nh6 $146 ({Predecessor:} 7... a5 8. bxa5 Nc6 9. Bd3 Qxa5+ 10. Bd2 Qc7 11. O-O f6 12. exf6 Nxf6 {1-0 (33) Kravtsiv,M (2657)-Cheparinov,I (2703) Kocaeli 2017}) 8. Bd3 {White has an edge.} a5 9. b5 Nd7 10. O-O O-O 11. Bxh6 gxh6 12. c4 Nc5 13. Bc2 f6 14. Qe2 dxc4 15. Nbd2 b6 16. Nxc4 Bb7 17. Rad1 Qc7 18. Qe3 Kg7 (18... f5 $16 {is a better defense.}) 19. exf6+ Bxf6 {[#]} (19... Rxf6 $16 20. Nfe5 Rg8) 20. Nfe5 $1 $18 Qe7 $2 (20... Kg8 21. Qxh6 Qg7 22. Qxg7+ Bxg7) 21. Nxb6 Rad8 22. Ng4 Bg5 23. Qe5+ Kg8 24. Rxd8 Rxd8 25. f4 Rd2 26. Rf2 Rxf2 27. Kxf2 Qf8 28. Kg3 (28. g3 $142) 28... Be7 {[#]} 29. Nd7 $1 {[%mdl 576] Deflection, Decoy} Nxd7 30. Qxe6+ {[%mdl 64] Double Attack} Kh8 {Hoping for ...Qg7.} 31. Qxd7 $40 {[%mdl 128] Black is in trouble.} Qg7 {aiming for ...Bh4+!} 32. Qe8+ Bf8 33. Bd3 Bxg2 34. a4 Bb7 35. Qe5 Qxe5 $2 (35... Bc8 36. h3 Bxg4) 36. fxe5 {[%mdl 4096] Endgame KBB-KBN} Bc5 37. Nf6 Kg7 38. Kf4 ({Not} 38. Nxh7 Bd5 $18) 38... Kf7 39. Bc4+ Kg6 (39... Kg7 $142 40. Bd5 Bc8 41. Ne8+ Kf8) 40. h4 Bg1 (40... Kg7 $142 41. Bd5 Bc8 42. Ne8+ Kf8) 41. h5+ Kg7 42. Kf5 Bf3 43. e6 Kf8 44. Bd5 {White wants to mate with Nd7+.} Bd1 {[#]} 45. Nd7+ $2 (45. Ng8 $1 $18 {[%mdl 512] and the rest is easy. e7+ would kill now.} Bxh5 (45... Kxg8 46. e7+) 46. e7+ Kg7 47. Nf6 Bg6+ 48. Ke6) 45... Ke7 $16 46. b6 {Accuracy: White = 73%, Black = 40%.} 1-0

[Event "World Team-ch Women 2019"]
[Site "Astana"]
[Date "2019.03.11"]
[Round "6.5"]
[White "Lagno, Kateryna"]
[Black "Abrahamyan, Tatev"]
[Result "1/2-1/2"]
[WhiteElo "2559"]
[BlackElo "2377"]
[Annotator "TA"]
[PlyCount "96"]
[EventDate "2019.02.05"]
[EventType "team-tourn"]
[EventCountry "KAZ"]
[SourceTitle "playchess.com"]
[Source "ChessBase"]
[SourceQuality "1"]
[WhiteTeam "Russia"]
[BlackTeam "United States"]
[WhiteTeamCountry "RUS"]
[BlackTeamCountry "USA"]

{[%evp 12,96,5,16,10,0,0,0,0,0,18,-10,0,0,0,0,0,0,0,0,0,0,0,0,0,-15,-15,-16,-14,-23,0,-8,0,-3,0,0,0,0,44,-9,-7,-2,0,-10,0,0,0,-31,-16,-14,-14,-15,-8,-17,-4,-11,0,0,0,0,0,0,0,0,0,0,0,0,0,0,0,0,0,0,0,0,0,0,0,0,269,275,678,0,0,0,653]} 1. e4 e6 2. d4 d5 3. Nd2 c5 4. exd5 Qxd5 5. dxc5 Nf6 6. Ngf3 Bxc5 7. Bc4 Qc6 {C07: French Tarrasch: 3...c5, 4 Ngf3 and 4 exd5 Qxd5} 8. O-O O-O 9. Qe2 a6 (9... b6 10. Nb3 Bb7 11. Nxc5 Qxc5 12. b3 Nbd7 13. Bb2 Qh5 14. Ne5 Qxe2 15. Bxe2 Nxe5 16. Bxe5 {½-½ (68) Bruzon Batista,L (2653)-Lenderman,A (2626) Saint Louis 2018}) 10. Bd3 Nbd7 11. Nc4 b5 $146 ({Predecessor:} 11... b6 12. Nce5 Nxe5 13. Nxe5 Qc7 14. Bg5 Nd5 15. c4 Nb4 16. Be4 Bb7 17. Bxb7 Qxb7 18. Rad1 Rfc8 19. Rd7 Rc7 20. Rfd1 {1-0 (20) Heinrich,A-Coclet,O (2384) ICCF email 2002}) 12. Nce5 Nxe5 13. Nxe5 Qc7 14. Bg5 Nd5 {aiming for ...f6.} 15. c4 bxc4 16. Nxc4 Bb7 17. Rac1 Rac8 18. Be4 a5 19. Bd2 Ba6 20. b3 Bb4 21. g3 Rfd8 22. Rfd1 ({Reject} 22. Bxb4 axb4 23. Bd3 Nc3 $17) 22... Nb6 23. Bf4 Qe7 24. Rxd8+ Rxd8 25. Rd1 (25. Bxh7+ $14 Kxh7 26. Qh5+ {[%mdl 64] Double Attack} Kg8 27. Nxb6) 25... Rxd1+ 26. Qxd1 Nxc4 27. bxc4 f5 28. Bd3 Qd7 29. Qe2 Bb7 30. f3 Kf7 31. Kg2 h6 {White must now prevent ...g5.} 32. h4 a4 33. h5 a3 34. Be5 Ba6 35. Qe3 Qc6 36. Qd4 Bc5 37. Qc3 Bf8 38. Bd4 Bb7 39. Be2 Ba6 40. Be5 Qb7 41. Qd4 Kg8 42. g4 Qb1 43. Qd3 ({Don't play} 43. Qd7 Bxc4 44. Bxc4 Qc2+ 45. Kg3 Qxc4 $17) 43... Qxa2 44. gxf5 exf5 45. Kf2 {Strongly threatening Qd5+.} Bc5+ $2 {[%mdl 8192] [#]} (45... Bb7 $1 $11) 46. Kg3 $1 $18 {Hoping for Qd5+.} Bf8 $2 (46... Bc8) 47. Kf2 $2 (47. Qd5+ $18 Kh7 48. Bd3) 47... Bc5+ $2 {[%mdl 8192]} (47... Bb7 $11) 48. Kg3 {Qd5+ is the strong threat.} Bf8 {[%mdl 32768] Accuracy: White = 67%, Black = 66%. . An unexpected result.} 1/2-1/2

[Event "World Team-ch Women 2019"]
[Site "Astana"]
[Date "2019.03.11"]
[Round "6.6"]
[White "Nemcova, Katerina"]
[Black "Gunina, Valentina"]
[Result "1-0"]
[WhiteElo "2315"]
[BlackElo "2515"]
[Annotator "TA"]
[PlyCount "98"]
[EventDate "2019.02.05"]
[EventType "team-tourn"]
[EventCountry "KAZ"]
[SourceTitle "playchess.com"]
[Source "ChessBase"]
[SourceQuality "1"]
[WhiteTeam "United States"]
[BlackTeam "Russia"]
[WhiteTeamCountry "USA"]
[BlackTeamCountry "RUS"]

{[%evp 17,98,0,9,0,0,-7,18,25,17,31,69,72,77,79,90,84,80,70,70,70,70,70,70,68,72,69,90,99,114,71,86,57,52,55,64,47,75,38,38,38,45,39,39,39,71,41,53,9,16,8,14,31,25,5,16,0,0,0,0,0,0,0,0,0,0,0,0,0,0,0,0,0,0,0,0,0,0,0,0,0,0,0,0]} 1. Nf3 d5 2. g3 Nf6 3. Bg2 e6 4. O-O Be7 5. d4 O-O 6. c4 Nbd7 7. Qc2 c6 8. Bf4 b6 9. Nc3 Bb7 10. cxd5 {E06: Closed Catalan: Early deviations} cxd5 11. Nb5 (11. Rac1 Rc8 12. Qb3 Nh5 13. Bd2 Nhf6 14. a4 Nb8 15. Ne5 Nfd7 16. Nb5 Rxc1 17. Rxc1 Nxe5 18. dxe5 {½-½ (31) Socko,B (2593)-Wojtaszek,R (2750) Warsaw 2018}) 11... Ne4 12. Rfc1 a6 13. Qc7 Qxc7 $146 ({Predecessor:} 13... Qc8 14. Nd6 Qxc7 15. Rxc7 Bxd6 16. Rxb7 Rfd8 17. Rc1 Bxf4 18. gxf4 Nd6 19. Rbc7 Rac8 20. Ne5 Nf6 21. e3 Rxc7 22. Rxc7 Rc8 {½-½ (23) Lecuyer,C (2299)-Rainfray,A (2392) Paris 2003}) 14. Rxc7 Bc8 15. Na7 $36 {[%mdl 2048] White has strong initiative.} Bd8 16. Rxc8 ({But not} 16. Nxc8 $6 Bxc7 17. Ne7+ Kh8 $11) 16... Rxa7 17. Ne5 Nxe5 18. Bxe5 f6 19. Bf4 g5 20. Bxe4 gxf4 21. Bd3 fxg3 22. hxg3 f5 23. Rac1 Kf7 24. a4 h5 25. Kg2 Ke7 26. e3 Rh8 27. Rh1 Kd7 28. Rcc1 h4 29. Kf3 Bf6 ({Reject} 29... h3 30. Rh2 $16) 30. gxh4 Bxh4 31. b4 {[%cal Bb2b4,Bb4b5][%mdl 32]} Bf6 32. Rxh8 (32. Rhg1 {keeps more tension.} Rh3+ 33. Ke2 a5 34. Rg6 Ke7 35. Rc6) 32... Bxh8 $14 {[%mdl 4096] Endgame KRB-KRB} 33. b5 a5 $1 34. Rc6 Rb7 35. Kf4 Bg7 {The position is equal.} 36. Bxf5 exf5 37. Kxf5 $11 {KRB-KR} Rb8 38. f4 Rf8+ 39. Kg6 {[#]} Bxd4 $1 {[%mdl 512]} 40. exd4 {Black must now prevent f5.} Rxf4 41. Rxb6 Rxd4 {KR-KR} 42. Kf5 Rxa4 43. Ke5 Kc7 44. Rc6+ (44. Ra6 {with more complications.} d4 45. Ke4 Rb4 46. Rxa5 Kb6 47. Ra8) 44... Kb7 45. Kxd5 Rh4 46. Ra6 Rh5+ 47. Kc4 Rh4+ 48. Kc5 Rh5+ 49. Kc4 Rh4+ {[%mdl 32768] Accuracy: White = 50%, Black = 74%. . Loss on time!?} 1-0

[Event "World Team-ch Women 2019"]
[Site "Astana"]
[Date "2019.03.11"]
[Round "6.7"]
[White "Goryachkina, Aleksandra"]
[Black "Yip, Carissa"]
[Result "1-0"]
[WhiteElo "2504"]
[BlackElo "2279"]
[Annotator "TA"]
[PlyCount "57"]
[EventDate "2019.02.05"]
[EventType "team-tourn"]
[EventCountry "KAZ"]
[SourceTitle "playchess.com"]
[Source "ChessBase"]
[SourceQuality "1"]
[WhiteTeam "Russia"]
[BlackTeam "United States"]
[WhiteTeamCountry "RUS"]
[BlackTeamCountry "USA"]

{[%evp 9,57,26,26,29,29,31,31,-33,44,42,53,36,59,47,65,62,53,64,185,156,160,167,158,168,166,160,270,250,270,290,341,334,350,347,338,332,339,339,320,310,508,367,683,677,1422,1435,1360,1360,1325,1317]} 1. d4 Nf6 2. c4 g6 3. f3 e6 4. e4 d5 5. cxd5 exd5 6. Nc3 {E60: King's Indian: Unusual lines and Fianchetto Variation without Nc3} dxe4 7. fxe4 Bb4 8. Bd3 ({Better is} 8. Bg5 $14 h6 9. Bxf6 Qxf6 10. Nf3) 8... Nxe4 (8... c5 $1 $15) 9. Qe2 $14 O-O 10. Bxe4 Re8 11. Nf3 {0-0 is the strong threat.} Bf5 $146 {Threatens to win with ...Rxe4.} 12. Bg5 Qd6 {Hoping for ...Rxe4.} 13. Nd2 Nd7 (13... Qa6 $14) 14. O-O $1 $18 Bxc3 15. bxc3 Bxe4 16. Nxe4 Qd5 17. Be7 $1 f5 (17... Rxe7 $16 {was called for.} 18. Nf6+ {[%mdl 64] Discovered Attack} Nxf6 19. Qxe7 {[%mdl 64] Double Attack} Ne4) 18. Ng5 Nb6 19. Rae1 Nc8 20. Qf2 {And now Qh4 would win.} Rxe7 21. Rxe7 Nxe7 22. Qh4 h5 {[#]} 23. Re1 $1 {[%cal Re1e7]} Qd7 24. Re6 Kg7 $2 (24... Rf8 25. Qg3 Rf7) 25. Qg3 {aiming for Qe5+.} Kh6 $2 (25... Nc6 26. d5 Re8 27. dxc6 Qd1+ 28. Kf2 Qc2+ 29. Kf1 Rxe6 30. Nxe6+ Kf6 31. cxb7 Qb1+ 32. Qe1 Qxb7) 26. Qe3 {White is clearly winning.} Nd5 {[#]} 27. Nf7+ $1 {[%mdl 64] Discovered Attack (Double check)} Kg7 28. Qh6+ {[%mdl 64] Double Attack} Kxf7 29. Rxg6 {Accuracy: White = 89%, Black = 48%.} 1-0

[Event "World Team-ch Women 2019"]
[Site "Astana"]
[Date "2019.03.11"]
[Round "6.8"]
[White "Wu, Rochelle"]
[Black "Girya, Olga"]
[Result "1/2-1/2"]
[WhiteElo "2120"]
[BlackElo "2456"]
[Annotator "TA"]
[PlyCount "79"]
[EventDate "2019.02.05"]
[EventType "team-tourn"]
[EventCountry "KAZ"]
[SourceTitle "playchess.com"]
[Source "ChessBase"]
[SourceQuality "1"]
[WhiteTeam "United States"]
[BlackTeam "Russia"]
[WhiteTeamCountry "USA"]
[BlackTeamCountry "RUS"]

{[%evp 12,79,17,11,30,40,8,31,26,22,22,12,25,31,25,17,34,0,0,0,7,0,15,0,0,0,0,0,0,0,0,0,0,0,0,0,0,-14,-9,-19,-22,-25,-28,-24,-18,-72,-64,-89,-87,-135,-145,-125,-118,-136,-104,-242,-211,-245,-248,-270,-282,-411,-411,-355,-74,-111,0,0,0,0]} 1. d4 Nf6 2. c4 e6 3. Nc3 Bb4 4. Qc2 d5 5. cxd5 exd5 6. Bg5 h6 7. Bh4 g5 {E35: Nimzo-Indian: Classical: 4...d5 5 cxd5 exd5} 8. Bg3 Nc6 9. e3 Ne4 {White is slightly better.} (9... h5 10. Bb5 h4 11. Be5 Rh6 12. h3 Ne4 13. Nge2 Bf5 14. Qb3 Bxc3+ 15. Nxc3 Nxc3 16. bxc3 {0-1 (58) Sjugirov,S (2663)-Yu,Y (2764) St Petersburg 2018}) 10. Bd3 Bf5 11. Nge2 Nxg3 $146 ({Predecessor:} 11... Qe7 12. O-O O-O-O 13. Nxe4 Bxe4 14. Rac1 {1-0 (25) Smirnov,P (2599)-Tsydypov,Z (2338) Vladivostok 2012}) 12. hxg3 Bxd3 13. Qxd3 Qd7 14. O-O-O O-O-O 15. a3 Bxc3 (15... Be7 {is more complex.} 16. Kb1 Kb8 17. Rh5 Qe6 18. Nc1 Na5) 16. Nxc3 Ne7 17. Rh5 Kb8 18. Rdh1 Qe6 19. Kb1 Nf5 20. Qe2 c6 21. Ka1 Nd6 22. g4 Ne4 23. Nxe4 dxe4 24. f4 exf3 25. Qxf3 a6 26. Rf1 Rhe8 27. Rh3 Rd7 28. Qg3+ (28. Qf5 $11) 28... Ka7 $17 29. Rc1 Rd5 30. Rc3 f5 31. gxf5 Rxf5 {( -> ...Rf1+)} 32. Rh1 {[#]} h5 $1 {[%mdl 512]} 33. Qc7 (33. Qe1 $17) (33. Rxh5 Rf1+) 33... Ref8 34. Rhc1 {[%cal Rc3c6] [#] With the idea Rxc6.} R8f7 $1 {[%cal Rf7c7]} 35. Qg3 Qe4 36. Rb3 (36. d5 $142 h4 37. Qh3 Qxd5 38. e4 Qxe4 39. Re3) 36... h4 $19 37. Qd6 Qxg2 $2 (37... Rf1 $19 38. Qc5+ Ka8) 38. Qd8 $17 {[#]} Qd5 (38... b5 $1 $17 39. Qc8 Rf1) 39. Qb6+ $11 Ka8 {[#] Threatens to win with ...Rd7.} 40. e4 $1 {[%mdl 512] Accuracy: White = 40%, Black = 72%.} 1/2-1/2